Mineral deposits of the Canadian shield /

Bibliographic Details
Main Author: Bruce, Everend Lester, 1884-
Format: Book
Language:English
Published: Toronto : The Macmillan company of Canada limited, 1933.
Subjects:

MARC

Tag First Indicator Second Indicator Subfields
LEADER 00000cam a2200000 4500
001 in00000048247
005 20151007065622.0
008 750416s1933 oncab 00000 eng
010 |a  34000597  
035 |a (OCoLC)01280767 
035 |9 AAE2343AM 
040 |a DLC  |c DRB  |d TXA  |d UtOrBLW 
049 |a TXAM  |c [41691] 
050 0 0 |a TN26  |b .B7 
092 |a 553.0971  |b B886m 
100 1 |a Bruce, Everend Lester,  |d 1884- 
245 1 0 |a Mineral deposits of the Canadian shield /  |c by E.L. Bruce. 
264 1 |a Toronto :  |b The Macmillan company of Canada limited,  |c 1933. 
300 |a xxiv, 428 pages :  |b including frontispiece, illustrations, maps, diagrams ;  |c 24 cm. 
336 |a text  |b txt  |2 rdacontent 
337 |a unmediated  |b n  |2 rdamedia 
338 |a volume  |b nc  |2 rdacarrier 
650 0 |a Mines and mineral resources  |z Canada. 
999 |a MARS 
999 f f |s e779b600-e6af-35a1-b7ec-d0b517d2c763  |i 68fef1ed-00d6-3860-b3c9-ab20f7ce3230  |t 0 
952 f f |p ric  |a Texas A&M University  |b Rellis Campus  |c Joint Library Facility  |d Remote Storage  |t 0  |e TN26 .B7  |h Library of Congress classification  |i unmediated -- volume  |m A14800957898 
998 f f |a TN26 .B7  |t 0  |l Remote Storage